| 000 | 00339nam a2200133 a 4500 | ||
|---|---|---|---|
| 001 | 5126 | ||
| 003 | CDMR | ||
| 005 | 20130916130300.0 | ||
| 008 | 130130s1976||||||||||||||||||||||||||||d | ||
| 040 |
_aCDMR _bcat _cCDMR |
||
| 245 | 4 |
_aLes communications de masse _b: guide alphabétique |
|
| 260 |
_aParis _c1976 _bDenoël/Gonthier |
||
| 942 |
_cMON _2udc |
||
| 999 |
_c5126 _d5126 |
||